Т. 4: Модельные нейросети и живые механизмы; Физические и математические модели нейронных сетей

Bibliografiske detaljer
Parent link:Физические и математические модели нейронных сетей/ Академия наук СССР (АН СССР), Всесоюзный институт научной и технической информации (ВИНИТИ). Т. 4: Модельные нейросети и живые механизмы.— , 1990-
Andre forfattere: Веденов А. А. (редактор)
Sprog:russisk
Udgivet: 1992
Fag:
Format: MixedMaterials Bog
KOHA link:https://koha.lib.tpu.ru/cgi-bin/koha/opac-detail.pl?biblionumber=165525

MARC

LEADER 00000nam2a2200000 4500
001 165525
005 20231031161818.0
035 |a (RuTPU)RU\TPU\book\179553 
035 |a RU\TPU\book\158281 
090 |a 165525 
100 |a 20090919d1992 k y0rusy50 ca 
101 0 |a rus 
102 |a RU 
105 |a a z 001zy 
200 0 |a Т. 4: Модельные нейросети и живые механизмы 
210 |d 1992 
215 |a 136 с.  |c ил. 
320 |a Библиогр.: с. 132-135(68 назв.) 
461 1 |0 (RuTPU)RU\TPU\book\166632  |t Физические и математические модели нейронных сетей  |f Академия наук СССР (АН СССР), Всесоюзный институт научной и технической информации (ВИНИТИ)  |v Т. 4: Модельные нейросети и живые механизмы  |d 1990-   |s Физические и математические модели нейронных сетей 
610 1 |a физические модели 
610 1 |a математические модели 
610 1 |a нейронные сети 
610 1 |a нейрокомпьютеры 
675 |a 612.82  |v 3 
702 1 |a Веденов  |b А. А.  |4 340 
801 1 |a RU  |b 63413507  |c 20081024  |g PSBO 
801 2 |a RU  |b 63413507  |c 20111212  |g PSBO 
942 |c BK